[Event "Dutch Open-ch 2019"]
[Site "Dieren"]
[Date "2019.07.26"]
[Round "4.16"]
[White "Grutter, Tim"]
[Black "Kolbus, Dietmar"]
[Result "0-1"]
[WhiteElo "2091"]
[BlackElo "2281"]
[Annotator "NA"]
[PlyCount "92"]
[EventDate "2019.07.23"]
[EventType "swiss"]
[EventCountry "NED"]
[SourceTitle "playchess.com"]
[Source "ChessBase"]
[SourceQuality "1"]
[TimeControl "40/5400+30:1800+30"]

1. e4 {[%emt 0:00:00]} c5 {[%emt 0:00:00]} 2. Nf3 {[%emt 0:00:00]} a6 {[%emt 0:00:22]} 3. Nc3 {[%emt 0:00:14]} d6 {[%emt 0:01:16]} 4. d4 {[%emt 0:00:15]} cxd4 {[%emt 0:00:03]} 5. Nxd4 {[%emt 0:00:13]} Nf6 $14 {[%emt 0:00:15]} 6. g3 {[%emt 0:00:22]} e5 {[%emt 0:01:54]} 7. Nb3 {[%emt 0:00:46]} Be7 {[%emt 0:00:39]} 8. Bg2 {[%emt 0:00:06]} O-O {[%emt 0:00:15]} 9. O-O {[%emt 0:00:21]} Be6 {[%emt 0:00:42]} 10. a4 {[%emt 0:00:04]} b6 {[%emt 0:02:59]} 11. Re1 {[%emt 1:33:09]} Nbd7 {[%emt 0:00:39]} 12. Nd2 {[%emt 0:00:00]} Qb8 {[%emt 0:22:27]} 13. Nf1 {[%emt 0:00:00]} Rc8 {[%emt 0:00:21]} 14. Ne3 {[%emt 0:00:00]} Rxc3 {[%emt 0:02:26]} 15. bxc3 {[%emt 0:00:00]} Nc5 {[%emt 0:00:12]} 16. Nd5 {[%emt 0:00:00]} Nxd5 {[%emt 0:01:49]} 17. exd5 {[%emt 0:00:00]} Bd7 {[%emt 0:00:57]} 18. a5 {[%emt 0:00:00]} b5 {[%emt 0:01:01]} 19. f4 {[%emt 0:00:00]} Bf6 {[%emt 0:00:23]} 20. fxe5 {[%emt 0:00:00]} Bxe5 {[%emt 0:00:06]} 21. Rxe5 {[%emt 0:00:00]} dxe5 {[%emt 0:00:02]} 22. d6 {[%emt 0:00:00]} Qe8 {[%emt 0:02:05]} 23. Qd5 {[%emt 0:00:00]} Rc8 {[%emt 0:00:10]} 24. Ba3 {[%emt 0:00:00]} Bc6 {[%emt 0:02:21]} 25. Qxc5 {[%emt 0:00:00]} Bxg2 {[%emt 0:00:11]} 26. Qa7 {[%emt 0:00:00]} Bh3 {[%emt 0:05:33]} 27. Qxa6 {[%emt 0:00:00]} Rxc3 {[%emt 0:22:47]} 28. Qb7 {[%emt 0:00:00]} h6 {[%emt 0:06:58]} 29. a6 {[%emt 0:00:00]} Bc8 {[%emt 0:00:25]} 30. d7 {[%emt 0:00:00]} Bxd7 {[%emt 0:07:08]} 31. a7 {[%emt 0:00:00]} Rc8 {[%emt 0:00:15]} 32. Bc5 {[%emt 0:02:07]} Bc6 {[%emt 0:00:14]} 33. a8=Q {[%emt 0:00:35]} Rxa8 {[%emt 0:00:13]} 34. Rxa8 {[%emt 0:01:39]} Qxa8 {[%emt 0:00:02]} 35. Qxa8+ {[%emt 0:01:09]} Bxa8 {[%emt 0:00:03]} 36. Kf2 {[%emt 0:00:50]} f6 {[%emt 0:01:20]} 37. Ke3 {[%emt 0:00:28]} Kf7 {[%emt 0:00:10]} 38. Kd3 {[%emt 0:02:03]} Bd5 {[%emt 0:00:05]} 39. c3 {[%emt 0:00:19]} g5 {[%emt 0:00:27]} 40. Ke3 {[%emt 0:00:51]} f5 {[%emt 0:00:12]} 41. Bd6 {[%emt 0:30:23]} Kf6 {[%emt 0:30:27]} 42. Bc7 {[%emt 0:01:29]} f4+ {[%emt 0:00:08]} 43. Kd3 {[%emt 0:00:39]} Kf5 {[%emt 0:00:06]} 44. Bd6 {[%emt 0:00:22]} Bc4+ {[%emt 0:00:05]} 45. Kd2 {[%emt 0:00:08]} e4 {[%emt 0:00:09]} 46. Bf8 {[%emt 0:00:40]} e3+ {[%emt 0:00:10]} 0-1

[Event "Dutch Open-ch 2019"]
[Site "Dieren"]
[Date "2019.07.26"]
[Round "4.17"]
[White "Ojas Kulkarni"]
[Black "Reichardt, Robin"]
[Result "1-0"]
[WhiteElo "2251"]
[BlackElo "1811"]
[Annotator "NA"]
[PlyCount "95"]
[EventDate "2019.07.23"]
[EventType "swiss"]
[EventCountry "NED"]
[SourceTitle "playchess.com"]
[Source "ChessBase"]
[SourceQuality "1"]
[TimeControl "40/5400+30:1800+30"]

1. c4 {[%emt 0:00:00]} c6 {[%emt 0:00:01]} 2. Nf3 {[%emt 0:01:43]} d5 {[%emt 0:01:00]} 3. b3 {[%emt 0:00:14]} Nf6 {[%emt 0:00:35]} 4. Bb2 {[%emt 0:00:16]} Bf5 {[%emt 0:04:03]} 5. g3 {[%emt 0:00:33]} e6 {[%emt 0:03:07]} 6. Bg2 {[%emt 0:00:07]} h6 {[%emt 0:01:25]} 7. O-O {[%emt 0:00:24]} Be7 {[%emt 0:01:33]} 8. d3 {[%emt 0:00:25]} O-O {[%emt 0:01:08]} 9. Nbd2 {[%emt 0:00:16]} Nbd7 {[%emt 0:01:28]} 10. Qc2 {[%emt 0:01:26]} Qc7 {[%emt 0:07:46]} 11. cxd5 {[%emt 0:08:17]} exd5 {[%emt 0:01:36]} 12. Nd4 {[%emt 0:00:07]} Bh7 {[%emt 0:01:34]} 13. Bh3 {[%emt 0:00:16]} Rfe8 {[%emt 0:06:02]} 14. Rae1 {[%emt 0:01:32]} a5 {[%emt 0:12:22]} 15. a3 {[%emt 0:00:50]} Bd6 {[%emt 0:06:26]} 16. N2f3 {[%emt 0:03:13]} Ne5 {[%emt 0:05:03]} 17. Nxe5 {[%emt 0:04:38]} Bxe5 {[%emt 0:00:52]} 18. f4 {[%emt 0:00:07]} Bd6 {[%emt 0:04:05]} 19. Nf5 {[%emt 0:01:25]} Bxf5 {[%emt 0:05:41]} 20. Bxf5 {[%emt 0:00:31]} Qe7 {[%emt 0:00:40]} 21. e4 {[%emt 0:24:25]} Bxa3 {[%emt 0:04:59]} 22. Bxa3 {[%emt 0:00:24]} Qxa3 {[%emt 0:00:11]} 23. e5 {[%emt 0:00:07]} Nh7 {[%emt 0:02:19]} 24. Bxh7+ {[%emt 0:02:06]} Kxh7 {[%emt 0:00:47]} 25. d4+ {[%emt 0:00:01]} Kg8 {[%emt 0:00:56]} 26. f5 {[%emt 0:00:13]} Qb4 {[%emt 0:02:32]} 27. Qf2 {[%emt 0:02:19]} Qf8 {[%emt 0:09:30]} 28. f6 {[%emt 0:00:24]} Re6 {[%emt 0:02:43]} 29. fxg7 {[%emt 0:01:39]} Qxg7 {[%emt 0:14:06]} 30. Re3 {[%emt 0:00:05]} b5 {[%emt 0:00:00]} 31. Rf3 {[%emt 0:00:22]} Ra7 {[%emt 0:00:00]} 32. Qc2 {[%emt 0:01:04]} a4 {[%emt 0:00:00]} 33. Qc5 {[%emt 0:01:29]} Rae7 {[%emt 0:00:00]} 34. bxa4 {[%emt 0:00:25]} bxa4 {[%emt 0:00:00]} 35. Qa5 {[%emt 0:00:14]} Qg4 {[%emt 0:00:00]} 36. Rf4 {[%emt 0:04:22]} Qe2 {[%emt 0:00:00]} 37. Qxa4 {[%emt 0:01:12]} Qb5 {[%emt 0:00:22]} 38. Qd1 {[%emt 0:02:45]} c5 {[%emt 0:00:54]} 39. Qg4+ {[%emt 0:00:59]} Rg6 {[%emt 0:00:45]} 40. Qc8+ {[%emt 0:00:19]} Kg7 {[%emt 0:01:30]} 41. Rf6 {[%emt 0:45:55]} Qd3 {[%emt 0:10:14]} 42. Rxg6+ {[%emt 0:00:00]} Qxg6 {[%emt 0:08:33]} 43. Qxc5 {[%emt 0:00:00]} Rd7 {[%emt 0:01:13]} 44. Qc1 {[%emt 0:00:00]} Qe4 {[%emt 0:02:25]} 45. Rf4 {[%emt 0:00:00]} Qe2 {[%emt 0:01:05]} 46. Rh4 {[%emt 0:00:00]} h5 {[%emt 0:02:19]} 47. Qg5+ {[%emt 0:00:00]} Kf8 {[%emt 0:00:20]} 48. Rxh5 {[%emt 0:00:00]} 1-0

[Event "Dutch Open-ch 2019"]
[Site "Dieren"]
[Date "2019.07.26"]
[Round "4.18"]
[White "De Jonge, Boris"]
[Black "Elgersma, Onno"]
[Result "0-1"]
[WhiteElo "2059"]
[BlackElo "2232"]
[Annotator "NA"]
[PlyCount "80"]
[EventDate "2019.07.23"]
[EventType "swiss"]
[EventCountry "NED"]
[SourceTitle "playchess.com"]
[Source "ChessBase"]
[SourceQuality "1"]
[TimeControl "40/5400+30:1800+30"]

1. e4 {[%emt 0:00:00]} c6 {[%emt 0:00:08]} 2. d4 {[%emt 0:00:00]} d5 {[%emt 0:00:05]} 3. Nd2 {[%emt 0:00:31]} dxe4 {[%emt 0:01:12]} 4. Nxe4 {[%emt 0:00:09]} Nf6 {[%emt 0:00:40]} 5. Nxf6+ {[%emt 0:00:22]} exf6 {[%emt 0:00:06]} 6. c3 {[%emt 0:00:45]} Bd6 {[%emt 0:00:15]} 7. Bd3 {[%emt 0:00:22]} O-O {[%emt 0:00:26]} 8. Qc2 {[%emt 0:00:36]} Re8+ {[%emt 0:00:20]} 9. Ne2 {[%emt 0:00:21]} h5 {[%emt 0:00:46]} 10. Be3 {[%emt 0:09:20]} Nd7 {[%emt 0:00:33]} 11. O-O-O {[%emt 0:05:13]} Nf8 {[%emt 0:00:11]} 12. Ng3 {[%emt 0:07:11]} g6 {[%emt 0:07:08]} 13. Bh6 {[%emt 0:05:13]} Be6 {[%emt 0:07:27]} 14. Kb1 {[%emt 0:10:52]} b5 {[%emt 0:13:57]} 15. d5 {[%emt 0:12:12]} Bxd5 {[%emt 0:24:25]} 16. Rhg1 {[%emt 0:06:13]} Bxg3 {[%emt 0:05:40]} 17. hxg3 {[%emt 0:00:48]} Qc8 {[%emt 0:00:32]} 18. Bxf8 {[%emt 0:11:19]} Kxf8 {[%emt 0:00:41]} 19. f3 {[%emt 0:05:28]} Kg7 {[%emt 0:02:58]} 20. Rh1 {[%emt 0:09:12]} Qe6 {[%emt 0:08:09]} 21. b3 {[%emt 0:00:21]} Rad8 {[%emt 0:02:22]} 22. Rh4 {[%emt 0:01:35]} Qe3 {[%emt 0:04:40]} 23. g4 {[%emt 0:01:40]} hxg4 {[%emt 0:01:30]} 24. Rxg4 {[%emt 0:00:14]} Be6 {[%emt 0:04:26]} 25. Re4 {[%emt 0:00:09]} Qg5 {[%emt 0:01:37]} 26. Rd4 {[%emt 0:02:54]} Rxd4 {[%emt 0:01:23]} 27. cxd4 {[%emt 0:00:03]} Bd5 {[%emt 0:00:17]} 28. Qd2 {[%emt 0:01:55]} Qh4 {[%emt 0:02:21]} 29. Bc2 {[%emt 0:03:08]} Qg3 {[%emt 0:02:24]} 30. Kb2 {[%emt 0:01:16]} Rh8 {[%emt 0:01:20]} 31. Re1 {[%emt 0:06:08]} Rh2 {[%emt 0:00:58]} 32. Re2 {[%emt 0:00:00]} Qd6 {[%emt 0:01:04]} 33. a3 {[%emt 0:00:00]} a5 {[%emt 0:01:11]} 34. Be4 {[%emt 0:00:00]} Rh1 {[%emt 0:01:39]} 35. Bxd5 {[%emt 0:00:00]} Qxd5 {[%emt 0:00:17]} 36. Qc3 {[%emt 0:00:38]} a4 {[%emt 0:01:10]} 37. bxa4 {[%emt 0:00:56]} bxa4 {[%emt 0:00:02]} 38. Qb4 {[%emt 0:00:29]} c5 {[%emt 0:03:22]} 39. dxc5 {[%emt 0:01:01]} Qd1 {[%emt 0:00:49]} 40. Qd2 {[%emt 0:00:53]} Qb3# {[%emt 0:00:08]} 0-1

[Event "Dutch Open-ch 2019"]
[Site "Dieren"]
[Date "2019.07.26"]
[Round "4.19"]
[White "Mota, Pankit"]
[Black "Mohite, Ranveer"]
[Result "0-1"]
[WhiteElo "2002"]
[BlackElo "2229"]
[Annotator "NA"]
[PlyCount "72"]
[EventDate "2019.07.23"]
[EventType "swiss"]
[EventCountry "NED"]
[SourceTitle "playchess.com"]
[Source "ChessBase"]
[SourceQuality "1"]
[TimeControl "40/5400+30:1800+30"]

1. e4 {[%emt 0:00:00]} c5 {[%emt 0:00:38]} 2. c3 {[%emt 0:00:00]} d5 {[%emt 0:00:09]} 3. exd5 {[%emt 0:00:00]} Nf6 {[%emt 0:00:10]} 4. Nf3 {[%emt 0:01:59]} Nxd5 {[%emt 0:00:30]} 5. d4 {[%emt 0:00:14]} e6 {[%emt 0:01:54]} 6. Bc4 {[%emt 0:02:17]} cxd4 {[%emt 0:01:20]} 7. Qxd4 {[%emt 0:03:06]} Nc6 {[%emt 0:01:12]} 8. Qe4 {[%emt 0:00:08]} Be7 {[%emt 0:03:30]} 9. O-O {[%emt 0:00:26]} Nf6 {[%emt 0:00:38]} 10. Qe2 {[%emt 0:00:23]} Qc7 {[%emt 0:01:42]} 11. Re1 {[%emt 0:05:04]} a6 {[%emt 0:04:37]} 12. Nbd2 {[%emt 0:08:00]} O-O {[%emt 0:17:17]} 13. Nf1 {[%emt 0:06:28]} Re8 {[%emt 0:04:45]} 14. Ng3 {[%emt 0:02:26]} b5 {[%emt 0:04:30]} 15. Bd3 {[%emt 0:00:46]} Bb7 {[%emt 0:01:42]} 16. Ng5 {[%emt 0:02:45]} Bd6 {[%emt 0:11:20]} 17. Nh5 {[%emt 0:05:47]} Bxh2+ {[%emt 0:01:46]} 18. Kh1 {[%emt 0:00:18]} Be5 {[%emt 0:02:16]} 19. Nxf6+ {[%emt 0:12:22]} Bxf6 {[%emt 0:00:31]} 20. Nxh7 {[%emt 0:07:24]} Ne5 {[%emt 0:11:23]} 21. Be4 {[%emt 0:13:04]} Bxe4 {[%emt 0:07:52]} 22. Qxe4 {[%emt 0:00:35]} Ng4 {[%emt 0:01:29]} 23. Qxg4 {[%emt 0:08:57]} Kxh7 {[%emt 0:00:03]} 24. Re3 {[%emt 0:00:17]} Rh8 {[%emt 0:04:24]} 25. Qe4+ {[%emt 0:03:21]} Kg8+ {[%emt 0:00:04]} 26. Rh3 {[%emt 0:00:08]} Rxh3+ {[%emt 0:01:13]} 27. gxh3 {[%emt 0:00:07]} Rd8 {[%emt 0:00:04]} 28. Be3 {[%emt 0:01:00]} Be5 {[%emt 0:11:56]} 29. Rg1 {[%emt 0:02:47]} f5 {[%emt 0:02:06]} 30. Qf3 {[%emt 0:14:51]} Qc4 {[%emt 0:00:45]} 31. Qb7 {[%emt 0:00:00]} Qxa2 {[%emt 0:01:47]} 32. Bf4 {[%emt 0:00:00]} Bf6 {[%emt 0:00:20]} 33. Qc7 {[%emt 0:00:13]} Qd5+ {[%emt 0:00:19]} 34. Kh2 {[%emt 0:00:02]} Kh7 {[%emt 0:01:51]} 35. Re1 {[%emt 0:00:46]} Qf3 {[%emt 0:00:32]} 36. Qb6 {[%emt 0:01:14]} Qxf4+ {[%emt 0:00:39]} 0-1

[Event "Dutch Open-ch 2019"]
[Site "Dieren"]
[Date "2019.07.26"]
[Round "4.20"]
[White "Vogel, Jaap"]
[Black "Goswami, Vedant"]
[Result "1-0"]
[WhiteElo "2126"]
[BlackElo "2046"]
[Annotator "NA"]
[PlyCount "113"]
[EventDate "2019.07.23"]
[EventType "swiss"]
[EventCountry "NED"]
[SourceTitle "playchess.com"]
[Source "ChessBase"]
[SourceQuality "1"]
[TimeControl "40/5400+30:1800+30"]

1. d4 {[%emt 0:00:00]} Nf6 {[%emt 0:00:00]} 2. Bf4 {[%emt 0:00:00]} Nh5 {[%emt 0:00:57]} 3. Be3 {[%emt 0:00:00]} d5 {[%emt 0:00:41]} 4. Nf3 {[%emt 0:00:30]} e6 {[%emt 0:03:03]} 5. c4 {[%emt 0:03:18]} Be7 {[%emt 0:02:18]} 6. Nc3 {[%emt 0:01:27]} c6 {[%emt 0:00:25]} 7. Qd3 {[%emt 0:07:35]} b6 {[%emt 0:02:37]} 8. cxd5 {[%emt 0:08:44]} exd5 {[%emt 0:01:19]} 9. g3 {[%emt 0:00:56]} Ba6 {[%emt 0:03:11]} 10. Qd2 {[%emt 0:01:08]} Nd7 {[%emt 0:00:46]} 11. Bh3 {[%emt 0:02:48]} Bc8 {[%emt 0:03:36]} 12. Rc1 {[%emt 0:05:06]} Ndf6 {[%emt 0:01:14]} 13. Bg2 {[%emt 0:01:05]} Ng4 {[%emt 0:01:20]} 14. Ne5 {[%emt 0:08:03]} Nxe3 {[%emt 0:06:35]} 15. Qxe3 {[%emt 0:00:08]} Bb7 {[%emt 0:00:14]} 16. Bh3 {[%emt 0:11:15]} Nf6 {[%emt 0:00:52]} 17. O-O {[%emt 0:02:51]} O-O {[%emt 0:01:14]} 18. Qd3 {[%emt 0:05:11]} c5 {[%emt 0:13:34]} 19. Rfd1 {[%emt 0:06:56]} Bd6 {[%emt 0:04:47]} 20. f4 {[%emt 0:08:06]} a6 {[%emt 0:06:50]} 21. e3 {[%emt 0:05:46]} c4 {[%emt 0:00:27]} 22. Qf1 {[%emt 0:00:59]} b5 {[%emt 0:00:10]} 23. a3 {[%emt 0:00:15]} Re8 {[%emt 0:03:23]} 24. g4 {[%emt 0:01:16]} Nd7 {[%emt 0:03:05]} 25. Qf3 {[%emt 0:04:15]} Nf6 {[%emt 0:12:39]} 26. g5 {[%emt 0:02:54]} Ne4 {[%emt 0:00:08]} 27. Nxe4 {[%emt 0:00:50]} dxe4 {[%emt 0:00:02]} 28. Qh5 {[%emt 0:02:36]} Qe7 {[%emt 0:02:21]} 29. Kh1 {[%emt 0:01:00]} Rad8 {[%emt 0:03:59]} 30. Rg1 {[%emt 0:01:17]} Bxe5 {[%emt 0:02:05]} 31. fxe5 {[%emt 0:00:04]} Bd5 {[%emt 0:01:59]} 32. Rg4 {[%emt 0:01:18]} g6 {[%emt 0:01:00]} 33. Qh6 {[%emt 0:00:38]} Qf8 {[%emt 0:01:08]} 34. Qxf8+ {[%emt 0:03:01]} Kxf8 {[%emt 0:00:36]} 35. Bg2 {[%emt 0:00:09]} a5 {[%emt 0:01:48]} 36. Bxe4 {[%emt 0:00:10]} Be6 {[%emt 0:00:13]} 37. Rf4 {[%emt 0:02:05]} b4 {[%emt 0:00:24]} 38. axb4 {[%emt 0:00:03]} axb4 {[%emt 0:00:02]} 39. Kg1 {[%emt 0:02:45]} Re7 {[%emt 0:00:05]} 40. Rf2 {[%emt 0:00:43]} Ra7 {[%emt 0:00:38]} 41. Kf1 {[%emt 0:05:27]} Ra2 {[%emt 0:00:57]} 42. Ke1 {[%emt 0:01:03]} Rd7 {[%emt 0:01:14]} 43. Rd2 {[%emt 0:02:34]} Ra5 {[%emt 0:03:32]} 44. Bf3 {[%emt 0:01:30]} Rc7 {[%emt 0:02:54]} 45. d5 {[%emt 0:03:05]} Bd7 {[%emt 0:02:19]} 46. e4 {[%emt 0:04:20]} c3 {[%emt 0:04:11]} 47. bxc3 {[%emt 0:00:07]} Ra3 {[%emt 0:00:39]} 48. Bd1 {[%emt 0:02:48]} Raxc3 {[%emt 0:06:07]} 49. Rxc3 {[%emt 0:00:17]} Rxc3 {[%emt 0:00:39]} 50. Rd4 {[%emt 0:04:48]} Rc1 {[%emt 0:06:08]} 51. Kd2 {[%emt 0:01:00]} Rb1 {[%emt 0:25:05]} 52. Bc2 {[%emt 0:02:42]} Rh1 {[%emt 0:00:00]} 53. Rxb4 {[%emt 0:00:23]} Rxh2+ {[%emt 0:00:00]} 54. Kc3 {[%emt 0:00:10]} Rg2 {[%emt 0:00:00]} 55. Rb8+ {[%emt 0:00:44]} Ke7 {[%emt 0:00:00]} 56. Bb3 {[%emt 0:00:55]} Bh3 {[%emt 0:00:00]} 57. d6+ {[%emt 0:01:32]} 1-0

[Event "Dutch Open-ch 2019"]
[Site "Dieren"]
[Date "2019.07.27"]
[Round "5.1"]
[White "Beerdsen, Thomas"]
[Black "Van Foreest, Lucas"]
[Result "1/2-1/2"]
[WhiteElo "2497"]
[BlackElo "2521"]
[Annotator "ChessBase"]
[PlyCount "25"]
[EventDate "2019.07.23"]
[EventType "swiss"]
[EventCountry "NED"]
[SourceTitle "playchess.com"]
[Source "ChessBase"]
[SourceQuality "1"]
[TimeControl "40/5400+30:1800+30"]

1. e4 {[%emt 0:05:54]} e5 {[%emt 0:00:00]} 2. Nf3 {[%emt 0:00:04]} Nc6 {[%emt 0:00:00]} 3. d4 {[%emt 0:00:04]} exd4 {[%emt 0:00:00]} 4. c3 {[%emt 0:00:03]} dxc3 {[%emt 0:04:46]} 5. Nxc3 {[%emt 0:00:32]} d6 {[%emt 0:06:14]} 6. Bc4 {[%emt 0:02:37]} Nf6 {[%emt 0:01:13]} 7. Ng5 {[%emt 0:11:56]} Ne5 {[%emt 0:06:34]} 8. Bb3 {[%emt 0:00:06]} h6 {[%emt 0:07:51]} 9. f4 {[%emt 0:00:05]} Bg4 {[%emt 0:12:03]} 10. Qd4 {[%emt 0:06:33]} hxg5 {[%emt 0:01:24]} 11. fxe5 {[%emt 0:03:27]} dxe5 {[%emt 0:00:06]} 12. Qxe5+ {[%emt 0:00:13]} Qe7 {[%emt 0:00:30]} 13. Qb5+ {[%emt 0:06:02]} 1/2-1/2

[Event "Dutch Open-ch 2019"]
[Site "Dieren"]
[Date "2019.07.27"]
[Round "5.2"]
[White "Schoppen, Casper"]
[Black "Reinderman, Dimitri"]
[Result "1/2-1/2"]
[WhiteElo "2493"]
[BlackElo "2583"]
[Annotator "ChessBase"]
[PlyCount "95"]
[EventDate "2019.07.23"]
[EventType "swiss"]
[EventCountry "NED"]
[SourceTitle "playchess.com"]
[Source "ChessBase"]
[SourceQuality "1"]
[TimeControl "40/5400+30:1800+30"]

1. d4 {[%emt 0:00:00]} Nf6 {[%emt 0:00:00]} 2. c4 {[%emt 0:00:00]} c5 {[%emt 0:00:00]} 3. d5 {[%emt 0:00:00]} g6 {[%emt 0:00:00]} 4. Nc3 {[%emt 0:00:01]} Bg7 {[%emt 0:00:02]} 5. e4 {[%emt 0:00:53]} d6 {[%emt 0:00:05]} 6. Bd3 {[%emt 0:00:42]} O-O {[%emt 0:00:06]} 7. h3 {[%emt 0:01:33]} e6 {[%emt 0:00:06]} 8. Nf3 {[%emt 0:00:14]} Na6 {[%emt 0:00:16]} 9. O-O {[%emt 0:00:50]} Nc7 {[%emt 0:00:20]} 10. dxe6 {[%emt 0:07:38]} Nxe6 {[%emt 0:01:02]} 11. Be3 {[%emt 0:00:12]} Nd7 {[%emt 0:04:00]} 12. Ne1 {[%emt 0:18:33]} Nd4 {[%emt 0:05:05]} 13. Nc2 {[%emt 0:01:02]} Re8 {[%emt 0:10:37]} 14. Rb1 {[%emt 0:03:56]} b6 {[%emt 0:07:00]} 15. Re1 {[%emt 0:06:47]} Bb7 {[%emt 0:00:59]} 16. Nd5 {[%emt 0:01:51]} Rc8 {[%emt 0:07:35]} 17. b3 {[%emt 0:05:44]} a6 {[%emt 0:04:28]} 18. a4 {[%emt 0:18:22]} Nxc2 {[%emt 0:12:54]} 19. Qxc2 {[%emt 0:01:36]} Ne5 {[%emt 0:00:25]} 20. Bf4 {[%emt 0:09:51]} Rb8 {[%emt 0:10:59]} 21. Bf1 {[%emt 0:01:28]} Bxd5 {[%emt 0:01:31]} 22. exd5 {[%emt 0:00:47]} Qc7 {[%emt 0:05:00]} 23. Re3 {[%emt 0:01:50]} Nd7 {[%emt 0:02:10]} 24. Rbe1 {[%emt 0:01:48]} Rxe3 {[%emt 0:02:28]} 25. Bxe3 {[%emt 0:00:22]} Re8 {[%emt 0:00:36]} 26. Bd2 {[%emt 0:01:24]} Qd8 {[%emt 0:03:13]} 27. Rxe8+ {[%emt 0:00:55]} Qxe8 {[%emt 0:00:04]} 28. Qd3 {[%emt 0:00:31]} a5 {[%emt 0:01:09]} 29. g3 {[%emt 0:00:33]} h5 {[%emt 0:01:42]} 30. Qf3 {[%emt 0:03:31]} Qe7 {[%emt 0:02:46]} 31. Kg2 {[%emt 0:00:57]} Qf6 {[%emt 0:04:47]} 32. Qxf6 {[%emt 0:02:49]} Bxf6 {[%emt 0:00:12]} 33. f4 {[%emt 0:01:47]} Bd4 {[%emt 0:01:36]} 34. g4 {[%emt 0:00:38]} hxg4 {[%emt 0:04:44]} 35. hxg4 {[%emt 0:00:08]} f6 {[%emt 0:00:30]} 36. Kf3 {[%emt 0:01:49]} Kf7 {[%emt 0:00:14]} 37. Bh3 {[%emt 0:00:15]} Nf8 {[%emt 0:01:21]} 38. Ke4 {[%emt 0:00:26]} Bb2 {[%emt 0:00:23]} 39. Be1 {[%emt 0:00:40]} Ke7 {[%emt 0:01:07]} 40. Bh4 {[%emt 0:00:17]} Nh7 {[%emt 0:00:58]} 41. Bg3 {[%emt 0:31:35]} Bc1 {[%emt 0:30:40]} 42. Bf1 {[%emt 0:00:32]} Bb2 {[%emt 0:00:25]} 43. Bd3 {[%emt 0:00:42]} Nf8 {[%emt 0:00:31]} 44. Kf3 {[%emt 0:00:19]} Bc3 {[%emt 0:00:51]} 45. Be4 {[%emt 0:01:10]} Bb2 {[%emt 0:00:18]} 46. Bd3 {[%emt 0:00:09]} Bc3 {[%emt 0:00:08]} 47. Be4 {[%emt 0:00:15]} Bb2 {[%emt 0:00:05]} 48. Bd3 {[%emt 0:00:37]} 1/2-1/2

[Event "Dutch Open-ch 2019"]
[Site "Dieren"]
[Date "2019.07.27"]
[Round "5.3"]
[White "David, Alberto"]
[Black "Lahaye, Rick"]
[Result "1-0"]
[WhiteElo "2553"]
[BlackElo "2421"]
[Annotator "ChessBase"]
[PlyCount "99"]
[EventDate "2019.07.23"]
[EventType "swiss"]
[EventCountry "NED"]
[SourceTitle "playchess.com"]
[Source "ChessBase"]
[SourceQuality "1"]
[TimeControl "40/5400+30:1800+30"]

1. e4 {[%emt 0:00:00]} c5 {[%emt 0:00:00]} 2. Nf3 {[%emt 0:00:00]} d6 {[%emt 0:00:00]} 3. Bb5+ {[%emt 0:00:00]} Nd7 {[%emt 0:00:00]} 4. c3 {[%emt 0:00:11]} Ngf6 {[%emt 0:00:14]} 5. Bd3 {[%emt 0:00:12]} b6 {[%emt 0:00:15]} 6. O-O {[%emt 0:00:40]} Bb7 {[%emt 0:00:03]} 7. Re1 {[%emt 0:00:07]} Rc8 {[%emt 0:00:07]} 8. Bc2 {[%emt 0:02:53]} Qc7 {[%emt 0:00:05]} 9. Na3 {[%emt 0:00:46]} e6 {[%emt 0:07:01]} 10. Nb5 {[%emt 0:00:42]} Qb8 {[%emt 0:00:26]} 11. d4 {[%emt 0:00:11]} a6 {[%emt 0:01:10]} 12. Na3 {[%emt 0:00:05]} h6 {[%emt 0:07:06]} 13. d5 {[%emt 0:04:41]} e5 {[%emt 0:00:37]} 14. Nc4 {[%emt 0:01:10]} g6 {[%emt 0:00:07]} 15. Nh4 {[%emt 0:18:44]} Bg7 {[%emt 0:16:41]} 16. Qf3 {[%emt 0:07:50]} Qc7 {[%emt 0:03:11]} 17. Qh3 {[%emt 0:02:24]} b5 {[%emt 0:18:44]} 18. Ne3 {[%emt 0:00:22]} c4 {[%emt 0:01:02]} 19. Bd2 {[%emt 0:02:37]} Nc5 {[%emt 0:07:47]} 20. Qf3 {[%emt 0:00:30]} a5 {[%emt 0:03:31]} 21. b3 {[%emt 0:03:21]} Ba6 {[%emt 0:00:17]} 22. b4 {[%emt 0:00:24]} Ncd7 {[%emt 0:04:29]} 23. a4 {[%emt 0:01:41]} axb4 {[%emt 0:07:10]} 24. cxb4 {[%emt 0:01:23]} c3 {[%emt 0:00:15]} 25. Bc1 {[%emt 0:00:19]} Nb6 {[%emt 0:00:23]} 26. Bd3 {[%emt 0:03:33]} Nxa4 {[%emt 0:09:51]} 27. Rxa4 {[%emt 0:02:37]} bxa4 {[%emt 0:00:01]} 28. Bxa6 {[%emt 0:00:07]} Rb8 {[%emt 0:00:02]} 29. Ba3 {[%emt 0:02:41]} O-O {[%emt 0:01:34]} 30. Rc1 {[%emt 0:07:23]} Qa7 {[%emt 0:01:00]} 31. Bd3 {[%emt 0:00:18]} Rfc8 {[%emt 0:04:22]} 32. Qe2 {[%emt 0:08:54]} h5 {[%emt 0:02:21]} 33. Nc4 {[%emt 0:01:38]} Bh6 {[%emt 0:01:09]} 34. Rc2 {[%emt 0:03:18]} Ng4 {[%emt 0:00:46]} 35. h3 {[%emt 0:01:31]} Rxc4 {[%emt 0:02:05]} 36. hxg4 {[%emt 0:02:02]} Rcc8 {[%emt 0:00:15]} 37. gxh5 {[%emt 0:00:26]} Bg5 {[%emt 0:01:07]} 38. Nf3 {[%emt 0:01:18]} Bd8 {[%emt 0:00:24]} 39. Ba6 {[%emt 0:07:04]} Rc7 {[%emt 0:00:55]} 40. hxg6 {[%emt 0:01:13]} fxg6 {[%emt 0:01:35]} 41. b5 {[%emt 0:30:19]} Rc5 {[%emt 0:30:40]} 42. Bxc5 {[%emt 0:10:04]} Qxc5 {[%emt 0:00:16]} 43. Qe3 {[%emt 0:00:10]} Qb4 {[%emt 0:00:00]} 44. Qxc3 {[%emt 0:00:00]} Qxe4 {[%emt 0:00:00]} 45. Qc4 {[%emt 0:00:00]} Qf5 {[%emt 0:00:00]} 46. Bc8 {[%emt 0:00:00]} Qf6 {[%emt 0:00:00]} 47. Qxa4 {[%emt 0:00:00]} Bb6 {[%emt 0:00:00]} 48. Qg4 {[%emt 0:00:00]} Kg7 {[%emt 0:00:00]} 49. Qd7+ {[%emt 0:00:00]} Kh6 {[%emt 0:00:00]} 50. Nh2 {[%emt 0:00:00]} 1-0